[Event "Olomouc Chess Summer 2013 - Open Olomou"]
[Site "Olomouc"]
[Date "2013.08.02"]
[Round "2.16"]
[White "Musaev, Rasul"]
[Black "Vacek, Radomir"]
[Result "1/2-1/2"]
[WhiteElo "2301"]
[BlackElo "2088"]
[PlyCount "90"]
[EventDate "2013.??.??"]

1. e4 e6 2. d4 d5 3. Nc3 Bb4 4. e5 c5 5. a3 Bxc3+ 6. bxc3 Ne7 7. Nf3 Nbc6 8. a4
O-O 9. Bd3 Nf5 10. Ba3 b6 11. O-O f6 12. Re1 fxe5 13. Nxe5 Nxe5 14. Rxe5 Qf6
15. Qe2 Ne7 16. dxc5 Bd7 17. Re1 Rfe8 18. Bb5 Nc6 19. Re3 Rac8 20. cxb6 axb6
21. Rf3 Qd8 22. Qd3 Qc7 23. Rh3 g6 24. Rhe3 Na5 25. Bb4 Nc4 26. Rg3 Kg7 27.
Qd4+ Kg8 28. h4 Bxb5 29. axb5 Qd7 30. h5 e5 31. Qd3 e4 32. Qd4 Qf5 33. hxg6
hxg6 34. Ra1 Ra8 35. Ra6 Kf7 36. Rh3 Qe5 37. Qxe5 Nxe5 38. Rxb6 Re6 39. Rh7+
Kf6 40. Rxe6+ Kxe6 41. b6 Nf7 42. Rxf7 Kxf7 43. Bd6 Ra1+ 44. Kh2 Ra8 45. Kg1
Ke8 1/2-1/2

[Event "Olomouc Chess Summer 2013 - Open Olomou"]
[Site "Olomouc"]
[Date "2013.08.02"]
[Round "2.17"]
[White "Pogan, Nikolas"]
[Black "Masak, Pavel"]
[Result "1-0"]
[WhiteElo "2284"]
[BlackElo "2073"]
[PlyCount "133"]
[EventDate "2013.??.??"]

1. d4 Nf6 2. c4 g6 3. g3 Bg7 4. Bg2 O-O 5. Nc3 d6 6. Nf3 Nc6 7. O-O e5 8. d5
Ne7 9. e4 Nh5 10. Ne1 Bd7 11. Nd3 f5 12. exf5 Bxf5 13. c5 Qd7 14. Re1 Rae8 15.
cxd6 cxd6 16. f3 Qd8 17. Nf2 Bd7 18. Nfe4 Nc8 19. Be3 h6 20. Qb3 Rf7 21. Qxb7
Bg4 22. Qxf7+ Kxf7 23. fxg4 Nf6 24. Rf1 Kg8 25. Nxf6+ Bxf6 26. Ne4 Bg7 27. g5
hxg5 28. Bh3 Rf8 29. Be6+ Kh8 30. Nxg5 Qe8 31. Nf7+ Kh7 32. Rac1 Ne7 33. Nxd6
Rxf1+ 34. Rxf1 Qb8 35. Ne4 Nf5 36. Ng5+ Kh6 37. Bxf5 gxf5 38. Rxf5 Kg6 39. Rf2
Bh6 40. h4 Qb4 41. Rd2 Bf8 42. Kg2 Bd6 43. Rc2 Kh5 44. b3 Qa5 45. Rd2 Bb4 46.
Rd1 Bd6 47. Ne4 Qxa2+ 48. Kf3 Qxb3 49. g4+ Kg6 50. h5+ Kg7 51. h6+ Kh8 52. Rc1
Qxd5 53. g5 Kh7 54. Ra1 a5 55. Rb1 a4 56. Rb6 a3 57. Ra6 Bc5 58. g6+ Kg8 59.
Ra5 Qd1+ 60. Kg3 Qe1+ 61. Kg4 Qxa5 62. Nf6+ Kf8 63. Bxc5+ Qxc5 64. Nd7+ Ke7 65.
Nxc5 a2 66. Nb3 Kf6 67. g7 1-0

[Event "Olomouc Chess Summer 2013 - Open Olomou"]
[Site "Olomouc"]
[Date "2013.08.02"]
[Round "2.18"]
[White "Migala, Andrzej"]
[Black "Blazeka, Matej"]
[Result "0-1"]
[WhiteElo "2076"]
[BlackElo "2282"]
[PlyCount "54"]
[EventDate "2013.??.??"]

1. e4 e5 2. Nf3 Nc6 3. d4 exd4 4. Bc4 Bc5 5. c3 Nf6 6. e5 d5 7. Bb5 Ne4 8. cxd4
Bb6 9. O-O O-O 10. Be3 Ne7 11. Nbd2 f5 12. exf6 Nxf6 13. Ne5 Nf5 14. Ndf3 Nxe3
15. fxe3 c5 16. Rc1 Qd6 17. Kh1 Ne4 18. Bd3 cxd4 19. exd4 Bf5 20. Bb1 Qh6 21.
Qe1 Rac8 22. Rd1 Nd6 23. a4 Bxb1 24. Rxb1 Bxd4 25. Nxd4 Rxf1+ 26. Qxf1 Qe3 27.
Nb5 Ne4 0-1

[Event "Olomouc Chess Summer 2013 - Open Olomou"]
[Site "Olomouc"]
[Date "2013.08.02"]
[Round "2.19"]
[White "Prandstetter, Eduard"]
[Black "Zdrazil, Tomas"]
[Result "0-1"]
[WhiteElo "2270"]
[BlackElo "2048"]
[PlyCount "64"]
[EventDate "2013.??.??"]

1. e4 c5 2. Nf3 d6 3. d4 cxd4 4. Nxd4 Nf6 5. Nc3 a6 6. Be2 e5 7. Nb3 Be7 8. O-O
O-O 9. Be3 Qc7 10. Qd2 Be6 11. Rfd1 Nbd7 12. a4 Rac8 13. f3 Nb6 14. a5 Nc4 15.
Bxc4 Qxc4 16. Rac1 d5 17. exd5 Rfd8 18. Bb6 Rd7 19. Qe1 Nxd5 20. Nxd5 Rxd5 21.
Nd2 Qb4 22. c4 Rd7 23. Kh1 Bg5 24. Rc2 Qd6 25. Be3 Bxe3 26. Qxe3 Bf5 27. Rcc1
Rcd8 28. h3 Qb4 29. Qg5 Bg6 30. Rc3 f6 31. Qe3 Qxb2 32. Rb3 Qc2 0-1

[Event "Olomouc Chess Summer 2013 - Open Olomou"]
[Site "Olomouc"]
[Date "2013.08.02"]
[Round "2.20"]
[White "Ragaa, Hassan"]
[Black "Hjelmaas, Lars"]
[Result "0-1"]
[WhiteElo "2067"]
[BlackElo "2270"]
[PlyCount "80"]
[EventDate "2013.??.??"]

1. d4 e6 2. Nc3 d5 3. Nf3 Nf6 4. Bf4 Bb4 5. a3 Bxc3+ 6. bxc3 c5 7. dxc5 Nc6 8.
Nd4 Qa5 9. Nxc6 bxc6 10. Qd4 O-O 11. Qb4 Qd8 12. e3 Re8 13. Bg5 h6 14. Bh4 e5
15. Be2 g5 16. Bg3 Qe7 17. O-O Ne4 18. f3 a5 19. Qb6 Qxc5 20. Qxc5 Nxc5 21.
Rab1 Bf5 22. Rb6 Rac8 23. c4 d4 24. e4 Bd7 25. Be1 Ra8 26. Bd2 Reb8 27. Rfb1
Rxb6 28. Rxb6 Kf8 29. Bd1 Na4 30. Rb7 Ke7 31. f4 gxf4 32. g3 Nc5 33. Rxd7+ Kxd7
34. gxf4 Nxe4 35. Bc1 Rb8 36. Bg4+ Kd6 37. fxe5+ Kxe5 38. Kg2 f5 39. Be2 f4 40.
Bf3 Rb1 0-1

[Event "Olomouc Chess Summer 2013 - Open senior"]
[Site "Olomouc"]
[Date "2013.08.02"]
[Round "3.1"]
[White "Komysheva, Margarita"]
[Black "Golcman, Evgeny"]
[Result "0-1"]
[WhiteElo "2050"]
[BlackElo "2264"]
[PlyCount "88"]
[EventDate "2013.??.??"]

1. e4 d5 2. exd5 Qxd5 3. Nc3 Qd8 4. Nf3 Bg4 5. Be2 Nc6 6. d3 e6 7. Be3 Nf6 8.
h3 Bh5 9. a3 Be7 10. Qd2 O-O 11. g4 Bg6 12. Nh4 Nd5 13. Nxg6 hxg6 14. Nxd5 Qxd5
15. Rg1 Rad8 16. c4 Qd6 17. O-O-O Nd4 18. Bxd4 Qxd4 19. Qe3 Qd7 20. g5 e5 21.
h4 b6 22. Rh1 Bc5 23. Qf3 Qf5 24. Qxf5 gxf5 25. Rdf1 g6 26. Kc2 Rd4 27. b4 Be7
28. Rfg1 Kg7 29. h5 Rh8 30. Bf3 Rf4 31. h6+ Kh7 32. Rh3 e4 33. Be2 Rxf2 34. Kd2
exd3 35. Kxd3 f4 36. Bf3 Ra2 37. Ke4 Rxa3 38. Kxf4 Bxb4 39. Kg4 Rf8 40. Rd1 Bd6
41. Bd5 Rxh3 42. Kxh3 f6 43. Re1 fxg5 44. Re6 Rf4 0-1

[Event "Olomouc Chess Summer 2013 - Open senior"]
[Site "Olomouc"]
[Date "2013.08.02"]
[Round "3.2"]
[White "Vorobyov, Yrij"]
[Black "Puobis, Jozef"]
[Result "1/2-1/2"]
[WhiteElo "2238"]
[BlackElo "1851"]
[PlyCount "36"]
[EventDate "2013.??.??"]

1. Nf3 d5 2. g3 Bf5 3. c4 e6 4. cxd5 exd5 5. Qb3 Nc6 6. a3 Rb8 7. Bg2 Nf6 8.
O-O Bc5 9. Qa4 Qe7 10. d4 Bb6 11. Nc3 O-O 12. Qd1 Rbd8 13. Na4 Ne4 14. Nxb6
axb6 15. Bf4 h6 16. Rc1 g5 17. Be3 Qe6 18. Nd2 Rd7 1/2-1/2

[Event "Olomouc Chess Summer 2013 - Open senior"]
[Site "Olomouc"]
[Date "2013.08.02"]
[Round "3.3"]
[White "Stec, Frantisek"]
[Black "Zoltek, Tadeusz"]
[Result "0-1"]
[WhiteElo "2017"]
[BlackElo "2165"]
[PlyCount "110"]
[EventDate "2013.??.??"]

1. e4 e6 2. d4 d5 3. Nd2 c5 4. exd5 Qxd5 5. Ngf3 cxd4 6. Bc4 Qd6 7. O-O Nf6 8.
Nb3 Nc6 9. Nbxd4 Nxd4 10. Qxd4 Qxd4 11. Nxd4 a6 12. Re1 Bd7 13. c3 b5 14. Be2
Bc5 15. Be3 Rc8 16. Bf3 O-O 17. Nb3 Bxe3 18. Rxe3 Bc6 19. Rd1 Bxf3 20. Rxf3 Nd5
21. Kf1 g6 22. Rd4 Rc7 23. Na5 Rfc8 24. Rfd3 Kg7 25. g3 h5 26. h3 f5 27. f4 Kf6
28. a3 g5 29. Kf2 gxf4 30. gxf4 h4 31. Rd1 Rg8 32. Rg1 Rxg1 33. Kxg1 Rg7+ 34.
Kh2 Rg3 35. Nc6 Re3 36. Nb4 Re2+ 37. Kg1 Nxb4 38. Rxb4 Re3 39. Kg2 e5 40. fxe5+
Kg5 41. a4 Rxe5 42. axb5 axb5 43. Kf3 Rc5 44. Ke3 Rd5 45. Rd4 Re5+ 46. Kf3 Re1
47. Rb4 Rg1 48. Rxb5 Rg3+ 49. Kf2 Rxh3 50. c4 Kg4 51. c5 Rh2+ 52. Kg1 Rc2 53.
Rb4+ f4 54. Kh1 Kg3 55. Rb3+ f3 0-1

[Event "Olomouc Chess Summer 2013 - Valoz Cup"]
[Site "Olomouc"]
[Date "2013.08.08"]
[Round "9.1"]
[White "Akkozov, Berik"]
[Black "Narayanan, Srinath"]
[Result "0-1"]
[WhiteElo "2377"]
[BlackElo "2475"]
[PlyCount "88"]
[EventDate "2013.??.??"]

1. d4 Nf6 2. c4 e6 3. Nf3 c5 4. d5 exd5 5. cxd5 d6 6. Nc3 g6 7. Bf4 a6 8. a4
Bg7 9. h3 O-O 10. e3 Ne8 11. Be2 Nd7 12. O-O b6 13. Qc2 Kh8 14. Rad1 Rb8 15.
Nd2 f5 16. Bh2 Ne5 17. Kh1 Nc7 18. f4 Nf7 19. Bf3 b5 20. axb5 axb5 21. e4 b4
22. Ne2 fxe4 23. Bxe4 Nh6 24. b3 Nf5 25. Nc4 Ba6 26. Bg1 Qe7 27. Rfe1 Qd7 28.
g4 Ne7 29. Nxd6 Nexd5 30. Bxc5 Bxe2 31. Rxe2 Nc3 32. Red2 Nxd1 33. Rxd1 Rbd8
34. Bb6 Bc3 35. Rd3 Qg7 36. Ba5 Rd7 37. Bc6 Ne6 38. Rxc3 bxc3 39. Bxd7 Qxd7 40.
Qxc3+ Kg8 41. Qe5 Qc6+ 42. Kh2 Qc2+ 43. Kg3 Qd3+ 44. Kh4 g5+ 0-1

[Event "Olomouc Chess Summer 2013 - Valoz Cup"]
[Site "Olomouc"]
[Date "2013.08.08"]
[Round "9.4"]
[White "Simacek, Pavel"]
[Black "Rzayev, Bahruz"]
[Result "1/2-1/2"]
[WhiteElo "2468"]
[BlackElo "2429"]
[PlyCount "75"]
[EventDate "2013.??.??"]

1. e4 e5 2. f4 exf4 3. Bc4 d5 4. Bxd5 Nf6 5. Nc3 Nxd5 6. Nxd5 g5 7. d4 Bg7 8.
h4 c6 9. Nc3 Bxd4 10. Nf3 Bxc3+ 11. bxc3 Qxd1+ 12. Kxd1 g4 13. Nd4 f3 14. gxf3
gxf3 15. Bf4 Rg8 16. Kd2 Na6 17. Ke3 Bg4 18. Rag1 f2 19. Kxf2 Nc5 20. Ke3 Kd7
21. Nf3 f6 22. Rd1+ Ke6 23. Rd4 Kf7 24. Rb1 b5 25. Rd6 Rae8 26. e5 Re6 27. Rxe6
Nxe6 28. c4 Nxf4 29. Kxf4 Bxf3 30. Kxf3 fxe5 31. cxb5 cxb5 32. Rxb5 Kf6 33. Rb7
h5 34. Rh7 Rc8 35. Rh6+ Kg7 36. Ra6 Rc4 37. Re6 Rxc2 38. Rxe5 1/2-1/2

[Event "Olomouc Chess Summer 2013 - Valoz Cup"]
[Site "Olomouc"]
[Date "2013.08.08"]
[Round "9.5"]
[White "Mammadov, Zaur"]
[Black "Krejci, Jan"]
[Result "1/2-1/2"]
[WhiteElo "2437"]
[BlackElo "2521"]
[PlyCount "20"]
[EventDate "2013.??.??"]

1. e4 e5 2. Nf3 Nc6 3. Nc3 Nf6 4. d4 exd4 5. Nxd4 Bb4 6. Nxc6 bxc6 7. Bd3 d5 8.
exd5 cxd5 9. O-O O-O 10. h3 h6 1/2-1/2

[Event "Olomouc Chess Summer 2013 - Prima Pack "]
[Site "Olomouc"]
[Date "2013.08.08"]
[Round "9.2"]
[White "Efroimski, Marsel"]
[Black "Biolek, Richard"]
[Result "1-0"]
[WhiteElo "2297"]
[BlackElo "2437"]
[PlyCount "89"]
[EventDate "2013.??.??"]

1. e4 e5 2. Nf3 Nc6 3. Nc3 Nf6 4. Bb5 Bb4 5. O-O O-O 6. d3 d6 7. Bg5 Bxc3 8.
bxc3 Qe7 9. Re1 Nd8 10. d4 Ne6 11. Bd2 c5 12. Bc4 Qc7 13. d5 Nd8 14. Nh4 Re8
15. Qf3 Qe7 16. Bg5 h6 17. Bxf6 Qxf6 18. Qxf6 gxf6 19. Re3 a6 20. Rf3 Kg7 21.
Be2 Rg8 22. a4 Rb8 23. Rb1 b6 24. c4 Bd7 25. a5 b5 26. cxb5 axb5 27. Rfb3 Nb7
28. a6 Na5 29. Ra3 Nc4 30. Rg3+ Kh7 31. a7 Ra8 32. Rxg8 Kxg8 33. Bxc4 Rxa7 34.
Be2 Ra2 35. Kf1 b4 36. Bd1 Ba4 37. Nf5 Bxc2 38. Bxc2 Rxc2 39. Nxd6 Kf8 40. Nf5
Ke8 41. Nxh6 Rc3 42. Nf5 b3 43. Ne3 c4 44. Ke2 Kd7 45. h4 1-0

[Event "Olomouc Chess Summer 2013 - Prima Pack "]
[Site "Olomouc"]
[Date "2013.08.08"]
[Round "9.3"]
[White "Jurek, Josef"]
[Black "Tokmachev, Mikhail"]
[Result "1/2-1/2"]
[WhiteElo "2278"]
[BlackElo "2356"]
[PlyCount "99"]
[EventDate "2013.??.??"]

1. d4 d5 2. c4 c6 3. Nf3 Nf6 4. e3 e6 5. Bd3 dxc4 6. Bxc4 c5 7. dxc5 Qxd1+ 8.
Kxd1 Bxc5 9. a3 a6 10. b4 Bd6 11. Bb2 b5 12. Bd3 Bb7 13. Nbd2 Nbd7 14. Ke2 Ke7
15. Rac1 Rhc8 16. Rhd1 g6 17. g3 h6 18. h3 e5 19. e4 Rxc1 20. Rxc1 Rc8 21. Rxc8
Bxc8 22. Nf1 Bb7 23. N3d2 Nf8 24. f3 Ne6 25. Nb3 Bc7 26. Ne3 Kd6 27. Ng4 Nxg4
28. hxg4 Bb6 29. Bc1 Ng5 30. Be3 Bxe3 31. Kxe3 Ne6 32. Nc1 Bc8 33. Ne2 Nc7 34.
Nc3 Bd7 35. Bc2 Be6 36. a4 Bc4 37. Bd3 Bxd3 38. Kxd3 bxa4 39. Nxa4 Kc6 40. Nc5
a5 41. Kc4 axb4 42. Kxb4 Nb5 43. Nd7 Kxd7 44. Kxb5 Ke6 45. Kc5 f6 46. Kc6 Ke7
47. Kc7 Ke6 48. Kc6 Ke7 49. Kc7 Ke6 50. Kc6 1/2-1/2

[Event "Olomouc Chess Summer 2013 - Open Olomou"]
[Site "Olomouc"]
[Date "2013.08.08"]
[Round "9.2"]
[White "Kazakov, Konstantin"]
[Black "Sabuk, Piotr"]
[Result "1-0"]
[WhiteElo "2307"]
[BlackElo "2239"]
[PlyCount "73"]
[EventDate "2013.??.??"]

1. e4 e5 2. Nc3 Nf6 3. Bc4 Nc6 4. d3 Na5 5. Nge2 d6 6. O-O Nxc4 7. dxc4 Be6 8.
b3 Be7 9. Qd3 c6 10. Bg5 h6 11. Bxf6 Bxf6 12. Rad1 Qa5 13. Ng3 g6 14. Nf5 gxf5
15. exf5 Bc8 16. Ne4 Qd8 17. Qg3 d5 18. cxd5 Bxf5 19. dxc6 Bxe4 20. Rxd8+ Kxd8
21. Rd1+ Ke8 22. c7 Bc6 23. Qg4 Ke7 24. Qb4+ Ke6 25. Qc4+ Kf5 26. Qxf7 Raf8 27.
Qh5+ Ke6 28. Qg4+ Ke7 29. Qb4+ Kf7 30. Rd6 Rhg8 31. Qc4+ Kg7 32. Qe6 Kh8 33.
c8=Q Rxc8 34. Qxf6+ Rg7 35. Qxh6+ Rh7 36. Qf6+ Rg7 37. Rd3 1-0

[Event "Olomouc Chess Summer 2013 - Open Olomou"]
[Site "Olomouc"]
[Date "2013.08.08"]
[Round "9.4"]
[White "Pasiev, Rakhim"]
[Black "Ptacnikova, Lenka"]
[Result "1-0"]
[WhiteElo "2376"]
[BlackElo "2239"]
[PlyCount "157"]
[EventDate "2013.??.??"]

1. d4 Nf6 2. Nc3 d5 3. Bg5 Nbd7 4. f3 c5 5. e4 dxe4 6. fxe4 Qa5 7. Qd2 cxd4 8.
Bxf6 exf6 9. Nd5 Qxd2+ 10. Kxd2 Bd6 11. Nf3 Nc5 12. Nxd4 Nxe4+ 13. Ke3 Ng5 14.
Bb5+ Bd7 15. h4 Ne6 16. Bxd7+ Kxd7 17. Nf5 Bc5+ 18. Kf3 Rhe8 19. b4 Bf8 20.
Rhd1 Kc6 21. c4 b6 22. a3 Rad8 23. a4 Nc7 24. Nfe3 Bd6 25. a5 Nxd5 26. Nxd5 Be5
27. Ra2 Kb7 28. Rd3 Rc8 29. axb6 axb6 30. Rc2 Ra8 31. c5 bxc5 32. bxc5 Kc6 33.
Nb4+ Kb5 34. Rb3 Ra1 35. Nd3+ Kc6 36. Rc4 Kd5 37. Rc2 Rb8 38. Rxb8 Bxb8 39.
Nb4+ Ke6 40. c6 Ra3+ 41. Ke2 Bc7 42. Kd1 Ra4 43. Re2+ Be5 44. Re4 Kf5 45. Rc4
h5 46. Kc2 Ke6 47. Kb3 Ra7 48. Rc2 g5 49. Kc4 gxh4 50. Kb5 Ra3 51. Na6 Rb3+ 52.
Ka4 Rg3 53. Nc5+ Ke7 54. Re2 Kd6 55. Kb5 Kc7 56. Ra2 h3 57. gxh3 Rxh3 58. Ra7+
Kc8 59. Ra8+ Kc7 60. Na6+ Kd6 61. c7 Rb3+ 62. Ka4 Rc3 63. c8=Q Rxc8 64. Rxc8 h4
65. Kb4 Kd5 66. Rh8 Bg3 67. Kc3 Ke4 68. Kd2 Kf3 69. Nb4 Kg2 70. Nc2 Bf4+ 71.
Ke2 h3 72. Ne1+ Kg3 73. Nf3 Kg2 74. Rg8+ Bg5 75. Nxg5 fxg5 76. Rxg5+ Kh1 77.
Kf2 f5 78. Rh5 Kh2 79. Rxf5 1-0

[Event "Olomouc Chess Summer 2013 - Open Olomou"]
[Site "Olomouc"]
[Date "2013.08.08"]
[Round "9.5"]
[White "Kelkar, Abhishek"]
[Black "Tregubov, Andrey"]
[Result "1-0"]
[WhiteElo "2244"]
[BlackElo "2333"]
[PlyCount "64"]
[EventDate "2013.??.??"]

1. e4 e6 2. d4 d5 3. e5 c5 4. c3 Qb6 5. Nf3 Bd7 6. Be2 Bb5 7. c4 Bxc4 8. Bxc4
Qb4+ 9. Nbd2 dxc4 10. a3 Qb5 11. Qc2 cxd4 12. Nxc4 Nc6 13. O-O f5 14. Rd1 Rd8
15. Rd3 Nh6 16. Bxh6 gxh6 17. Rad1 Bg7 18. Nd6+ Rxd6 19. exd6 e5 20. Rb3 Qa4
21. Nxd4 Nxd4 22. Rxd4 Qd7 23. Rd1 Bf6 24. Qc7 b6 25. Rc3 Bd8 26. Qc4 Rf8 27.
Qd5 e4 28. f3 Rf6 29. fxe4 fxe4 30. Qxe4+ Re6 31. Qd5 Kf8 32. Rf3+ Bf6 1-0

[Event "Olomouc Chess Summer 2013 - Open Olomou"]
[Site "Olomouc"]
[Date "2013.08.08"]
[Round "9.6"]
[White "Dukaczewski, Piotr"]
[Black "Jasny, Stanislav"]
[Result "0-1"]
[WhiteElo "2233"]
[BlackElo "2311"]
[PlyCount "114"]
[EventDate "2013.??.??"]

1. c4 Nf6 2. Nc3 g6 3. g3 Bg7 4. Bg2 d6 5. Nf3 O-O 6. Rb1 c6 7. O-O a6 8. b4 b5
9. cxb5 axb5 10. Nd4 Ra6 11. Qc2 e5 12. Nb3 Be6 13. d3 Qd7 14. f4 exf4 15. Bxf4
Ng4 16. Kh1 f5 17. h3 Nf6 18. Kh2 Nh5 19. Bd2 Be5 20. Rf3 Qg7 21. e3 Nd7 22. d4
Bf6 23. Na5 Be7 24. Rff1 d5 25. Ne2 Rc8 26. Rbc1 Ndf6 27. Qd3 Bd6 28. Nf4 Nxf4
29. exf4 Ne4 30. Rc2 Qa7 31. Rfc1 Bd7 32. a3 Bf8 33. Be3 Qa8 34. Bf3 Kh8 35.
Qf1 Nd6 36. Ra1 Nc4 37. Rxc4 bxc4 38. Bd2 Bg7 39. Bc3 Re8 40. Qg2 Re3 41. Rc1
Qa7 42. Qf2 Rxc3 43. Rxc3 Bxd4 44. Qe1 Bxc3 45. Qxc3+ Kg8 46. Kg2 Be6 47. Qe5
Bf7 48. Kf1 Qb6 49. Qd6 Qe3 50. Qb8+ Kg7 51. Be2 Ra7 52. Qe5+ Qxe5 53. fxe5 Be8
54. Bd1 Kf7 55. Ba4 Ke6 56. Bxc6 Rxa5 57. Bxe8 Rxa3 0-1

[Event "Olomouc Chess Summer 2013 - Open Olomou"]
[Site "Olomouc"]
[Date "2013.08.08"]
[Round "9.7"]
[White "Gunajew, Rafal"]
[Black "Blahynka, Martin"]
[Result "1/2-1/2"]
[WhiteElo "2310"]
[BlackElo "2166"]
[PlyCount "117"]
[EventDate "2013.??.??"]

1. e4 e5 2. Nf3 Nc6 3. Bc4 Nf6 4. d3 Bc5 5. c3 d6 6. Nbd2 a6 7. Bb3 O-O 8. Nf1
Ng4 9. Ne3 Nxe3 10. Bxe3 h6 11. h3 Qe7 12. O-O Be6 13. Bxe6 Qxe6 14. Nh4 Ne7
15. Qb3 g5 16. Nf3 Qxb3 17. axb3 Bxe3 18. fxe3 f5 19. exf5 Nxf5 20. Rfe1 Rae8
21. Ra4 Kg7 22. h4 Nxh4 23. Nxh4 gxh4 24. Rxh4 Rf6 25. Rg4+ Kf7 26. Rf1 d5 27.
e4 Rd8 28. exd5 Rxd5 29. Rg3 Rb5 30. b4 a5 31. bxa5 Rxb2 32. Rh3 Rb3 33. Rxf6+
Kxf6 34. Rxh6+ Ke7 35. d4 exd4 36. cxd4 Rb4 37. Rh5 Kd6 38. Rh6+ Kd7 39. Rh7+
Kd6 40. Rh8 Kd7 41. Rb8 Rb5 42. Kf2 Kc6 43. Ra8 Kd5 44. Ke3 Rb3+ 45. Kf4 Kxd4
46. g4 Kd5 47. g5 Ke6 48. Kg4 Kf7 49. Rb8 Rb5 50. Kh5 Rxa5 51. Rxb7 Ra6 52. g6+
Kg8 53. Kh6 Ra8 54. Rxc7 Rb8 55. Ra7 Rc8 56. Ra6 Rb8 57. g7 Rc8 58. Kg6 Rc6+
59. Rxc6 1/2-1/2

[Event "Olomouc Chess Summer 2013 - Open Olomou"]
[Site "Olomouc"]
[Date "2013.08.08"]
[Round "9.8"]
[White "Starek, Stanislav"]
[Black "Siembab, Bartosz"]
[Result "0-1"]
[WhiteElo "2094"]
[BlackElo "2223"]
[PlyCount "78"]
[EventDate "2013.??.??"]

1. d4 Nf6 2. c4 c5 3. d5 e6 4. Nc3 exd5 5. cxd5 d6 6. Nf3 g6 7. Nd2 Bg7 8. e4
O-O 9. Be2 Re8 10. O-O Na6 11. f3 Nc7 12. a4 Nd7 13. Ra3 Qe7 14. Nc4 Ne5 15.
Be3 b6 16. Qd2 Nxc4 17. Bxc4 a6 18. Rb3 Rb8 19. Rd1 Bd7 20. Ra1 b5 21. axb5
axb5 22. Ra7 Qd8 23. Bf1 c4 24. Rb4 Qc8 25. Bf4 Be5 26. Bxe5 Rxe5 27. b3 Na6
28. Rxa6 Qc5+ 29. Kh1 Qxb4 30. Ra7 Re7 31. e5 Rxe5 32. Rxd7 cxb3 33. f4 Rf5 34.
Rc7 Rxf4 35. Bd3 Qd4 36. h3 Rf1+ 37. Kh2 Qe5+ 38. g3 Qd4 39. h4 Rf2+ 0-1

[Event "Olomouc Chess Summer 2013 - Open Olomou"]
[Site "Olomouc"]
[Date "2013.08.08"]
[Round "9.10"]
[White "Schmidt, Raul"]
[Black "Zakharchenko, Arnold"]
[Result "1-0"]
[WhiteElo "2371"]
[BlackElo "2179"]
[PlyCount "103"]
[EventDate "2013.??.??"]

1. Nf3 Nf6 2. c4 g6 3. Nc3 d5 4. cxd5 Nxd5 5. Qa4+ c6 6. Qd4 Nf6 7. Qxd8+ Kxd8
8. e4 Ke8 9. d4 Bg7 10. h3 Nbd7 11. Be3 Nb6 12. Rc1 Be6 13. b3 Rd8 14. Be2 h6
15. O-O g5 16. Ne5 Nfd7 17. Nc4 h5 18. Na5 Rb8 19. Rfd1 g4 20. Bf4 Bh6 21. Bxb8
Bxc1 22. Rxc1 Nxb8 23. hxg4 hxg4 24. Nxb7 f5 25. Nc5 Bc8 26. Bd3 Rf8 27. Re1 f4
28. Kf1 Na8 29. Ke2 Nc7 30. Rh1 Nba6 31. Nxa6 Nxa6 32. Bc4 Kd8 33. Rh6 f3+ 34.
gxf3 Rxf3 35. Rh8+ Kc7 36. Rxc8+ Kxc8 37. Bxa6+ Kd7 38. Nd1 Rf4 39. Ke3 Rf3+
40. Ke2 Rf4 41. Bd3 e5 42. d5 cxd5 43. exd5 Kd6 44. Ne3 Kc5 45. Bf5 a5 46. Bxg4
a4 47. Be6 axb3 48. axb3 Rb4 49. Nf5 Rxb3 50. d6 Ra3 51. d7 Ra8 52. Ke3 1-0

[Event "Olomouc Chess Summer 2013 - Open Olomou"]
[Site "Olomouc"]
[Date "2013.08.08"]
[Round "9.11"]
[White "Sochorova, Petra"]
[Black "Kireev, Aleksei"]
[Result "1/2-1/2"]
[WhiteElo "2195"]
[BlackElo "2337"]
[PlyCount "71"]
[EventDate "2013.??.??"]

1. f4 g6 2. Nf3 d6 3. e4 c6 4. Be2 Bg7 5. a4 a5 6. O-O Bg4 7. Nc3 h5 8. Qe1 e6
9. d3 Qb6+ 10. Kh1 Ne7 11. Ng5 Bxe2 12. Qxe2 Kf8 13. f5 exf5 14. exf5 Nxf5 15.
Rxf5 gxf5 16. Bf4 Qd8 17. Re1 Na6 18. Nxf7 Qe8 19. Nxh8 Qxe2 20. Rxe2 Bxh8 21.
Bxd6+ Kg8 22. g3 Rd8 23. Be5 Kf7 24. Kg2 Bf6 25. Kf3 Bxe5 26. Rxe5 Kf6 27. Rxa5
Nb4 28. Ra7 Rb8 29. Ra5 Nxc2 30. Rc5 Nd4+ 31. Ke3 Nb3 32. Rc4 Re8+ 33. Kf2 Rd8
34. Ke3 Re8+ 35. Kf2 Rd8 36. Ke3 1/2-1/2

[Event "Olomouc Chess Summer 2013 - Open Olomou"]
[Site "Olomouc"]
[Date "2013.08.08"]
[Round "9.12"]
[White "Maryasin, Boris"]
[Black "Dvorak, Martin"]
[Result "1-0"]
[WhiteElo "2332"]
[BlackElo "2180"]
[PlyCount "43"]
[EventDate "2013.??.??"]

1. e4 Nf6 2. e5 Nd5 3. Nc3 Nb6 4. d4 d6 5. f4 dxe5 6. fxe5 Bf5 7. Nf3 e6 8. Bd3
Bxd3 9. Qxd3 c5 10. Bg5 Qd7 11. O-O-O Nc6 12. Qe4 cxd4 13. Nxd4 Nxd4 14. Rxd4
Qc6 15. Rhd1 Be7 16. Qh4 Bxg5+ 17. Qxg5 O-O 18. Rg4 g6 19. Ne4 Nd5 20. Rxd5 f5
21. Rd6 Qb5 22. Nc3 1-0

[Event "Olomouc Chess Summer 2013 - Open Olomou"]
[Site "Olomouc"]
[Date "2013.08.08"]
[Round "9.15"]
[White "Suder, Ryszard"]
[Black "Pogan, Nikolas"]
[Result "1/2-1/2"]
[WhiteElo "2141"]
[BlackElo "2284"]
[PlyCount "197"]
[EventDate "2013.??.??"]

1. Nf3 Nf6 2. g3 g6 3. b3 Bg7 4. Bb2 O-O 5. Bg2 d6 6. d4 c6 7. O-O Qa5 8. Qd2
Qh5 9. Qg5 Qxg5 10. Nxg5 Nfd7 11. Nd2 c5 12. Ngf3 Nc6 13. c3 Rb8 14. Rac1 b5
15. Ba1 a5 16. dxc5 Nxc5 17. Nd4 Na7 18. b4 Ne6 19. bxa5 Bd7 20. N2b3 Rfc8 21.
Nxe6 Bxe6 22. Rfd1 Rc4 23. Bd5 Bxd5 24. Rxd5 Ra4 25. Rc2 Rc8 26. e3 Rc6 27. Kf1
e6 28. Rd1 d5 29. Rdc1 Rc8 30. Ke2 Nc6 31. Kd1 Ne5 32. Nd4 Rxa5 33. Rb1 Rca8
34. Rxb5 Rxa2 35. Rb8+ Bf8 36. Rxa8 Rxa8 37. Bb2 Nc4 38. Bc1 Ra1 39. Ke2 h5 40.
h4 Kg7 41. Nb3 Ra4 42. Nd2 Kf6 43. Nxc4 Rxc4 44. Bd2 Kf5 45. Rb2 Rc7 46. Kf3
Bg7 47. Rb3 Be5 48. Ra3 f6 49. Rb3 g5 50. Ra3 gxh4 51. gxh4 Rc4 52. Kg2 Rxh4
53. f4 Bc7 54. Ra7 Bb8 55. Ra8 Bc7 56. Ra7 Bd8 57. Rd7 Rg4+ 58. Kf3 Rg8 59. Be1
Rh8 60. Bh4 Kg6 61. Rd6 Kf7 62. f5 exf5 63. Rxd5 Kg6 64. c4 Bc7 65. c5 Ra8 66.
c6 Ra4 67. Rd4 Ra1 68. Rd7 Be5 69. Bg3 Rc1 70. c7 Rc4 71. Re7 Rc5 72. Rd7 Rc3
73. Re7 Rc5 74. Rd7 Rc4 75. Re7 Bxg3 76. Kxg3 f4+ 77. exf4 Kf5 78. Rf7 h4+ 79.
Kxh4 Rxf4+ 80. Kg3 Rc4 81. Kf3 Rc3+ 82. Ke2 Ke6 83. Kd2 Rc6 84. Rh7 Kd6 85. Rf7
Ke5 86. Kd3 f5 87. Ke3 Rc5 88. Kf3 Rc3+ 89. Kf2 Ke4 90. Rd7 Rc2+ 91. Kf1 f4 92.
Ke1 Ke3 93. Re7+ Kf3 94. Rd7 Rc1+ 95. Kd2 Rc6 96. Ke1 Rc1+ 97. Kd2 Rc6 98. Ke1
Rc1+ 99. Kd2 1/2-1/2

[Event "Olomouc Chess Summer 2013 - Open Olomou"]
[Site "Olomouc"]
[Date "2013.08.08"]
[Round "9.17"]
[White "Matousek, Petr"]
[Black "Hjelmaas, Lars"]
[Result "0-1"]
[WhiteElo "2114"]
[BlackElo "2270"]
[PlyCount "146"]
[EventDate "2013.??.??"]

1. e4 e6 2. d4 d5 3. Nc3 Bb4 4. e5 c5 5. a3 Bxc3+ 6. bxc3 Qa5 7. Bd2 Qa4 8. Bd3
c4 9. Bf1 Ne7 10. g3 Bd7 11. Ne2 Nbc6 12. Bh3 O-O-O 13. O-O h6 14. Nf4 g6 15.
Ng2 Rdg8 16. Ne1 Qa5 17. f4 Nf5 18. Nf3 Nce7 19. a4 Kc7 20. Kh1 Nc8 21. g4 Nfe7
22. Qc1 Nb6 23. Qa3 Nec8 24. f5 g5 25. fxe6 fxe6 26. Ng1 Be8 27. Rf6 Nd7 28.
Rxe6 Bf7 29. Rd6 Re8 30. Rf1 Be6 31. Ne2 Nxd6 32. Qxd6+ Kc8 33. Ng3 Qxa4 34.
Nf5 Rh7 35. Bg2 Qc6 36. Qxc6+ bxc6 37. Nd6+ Kd8 38. Nxe8 Kxe8 39. Ra1 Nf8 40.
h3 Rb7 41. Bc1 Bg8 42. Bf3 Bh7 43. Bd1 Be4+ 44. Kg1 Ne6 45. h4 Kd7 46. h5 Kc8
47. Ba3 Nf4 48. Bf8 Ne6 49. Bd6 Nc7 50. Bf8 Kd8 51. Bc5 a6 52. Kf2 Nb5 53. Rxa6
Nxc3 54. Ra8+ Kd7 55. Bf3 Bxf3 56. Kxf3 Ne4 57. Ba3 Rb1 58. Ra7+ Kc8 59. e6
Rf1+ 60. Ke3 Re1+ 61. Kf3 Nd2+ 62. Kf2 Rxe6 63. Rh7 Ne4+ 64. Kg2 Rf6 65. Rh8+
Kb7 66. Bf8 Rf2+ 67. Kh3 Rxc2 68. Rxh6 c3 69. Rh7+ Kb6 70. Rf7 Rd2 71. Rf1 c2
72. Rc1 Kb5 73. h6 Nf6 0-1